000 00651nam a22002057a 4500
003 NUST-PNEC
005 20170114142542.0
008 140518b xxu||||| |||| 00| 0 eng d
020 _a9780471407409
040 _cPNEC
082 _a621.3192 IRW
100 _923
_aIrwin David J
245 _aBasic engineering circuit analysis
_cJ. David Irwin
250 _a7th ed.
260 _bWiley
_cc.2001
300 _a704 p. :
_bill. :
_c26 cm
500 _aIncludes Index http://www.amazon.com/Basic-Engineering-Circuit-Analysis-7th/dp/0471407402/ref=sr_1_1?s=books&ie=UTF8&qid=1400409485&sr=1-1&keywords=9780471407409
650 _xEE
942 _2ddc
_cBK
999 _c60141
_d60141